[Event "ROM-ch U12"]
[Site "Calimanesti"]
[Date "2014.04.07"]
[Round "2"]
[White "Stoleriu, George"]
[Black "Visan, Dragos Cezar"]
[Result "1-0"]
[WhiteElo "1882"]
[BlackElo "1092"]
[PlyCount "83"]
[EventDate "2014.04.06"]
[EventType "swiss"]
[EventRounds "9"]
[EventCountry "ROU"]
[SourceTitle "CBM 160 Extra"]
[Source "ChessBase"]
[SourceDate "2014.07.01"]
[SourceVersion "1"]
[SourceVersionDate "2014.07.01"]
[SourceQuality "1"]

1. e4 e6 2. d4 d5 3. exd5 exd5 4. Nf3 Nc6 5. Bb5 Nf6 6. 0-0 Bg4 7. Bf4 Bd6 8. Re1+ Ne4 9. Bxd6 Qxd6 10. Nc3 0-0 11. Bxc6 Qxc6 12. Nxe4 dxe4 13. Ne5 Qe6 14. Qxg4 Qxg4 15. Nxg4 f5 16. Ne5 Rae8 17. f3 c5 18. Nd7 Rf7 19. Nxc5 b6 20. Nd3 Rc8 21. Ne5 Re7 22. c3 Re6 23. fxe4 f4 24. Nd3 Rf8 25. e5 f3 26. Rf1 Rg6 27. g3 Rf5 28. d5 Rh6 29. d6 Kf8 30. Rad1 Rfh5 31. Rxf3+ Ke8 32. Nf2 Rg6 33. Ne4 Rxg3+ 34. hxg3 Rh6 35. d7+ Kd8 36. e6 Rxe6 37. Rf8+ Kc7 38. d8Q+ Kc6 39. Qd5+ Kc7 40. Rf7+ Re7 41. Rxe7+ Kb8 42. Qd8# 1-0